000 00260nam a2200109Ia 4500
008 201217s9999 xx 000 0 und d
100 _aBross, Steward R.
245 0 _aOcean Shipping
260 _aCambridge
_bCornell Maritime Press
300 _a333
942 _cBK
999 _c7568
_d7568